00692nam a2200229 a 4500001001300000003000900013005001700022008004100039020001000080082001600090100003300106245003100139260003800170300000900208500003500217650001600252700003300268902000800301942000700309952012900316999001700445nice12345678IN_TiNIC20260116014752.0080409s2000 dela grp 000 0 eng  ac30000a340.59bDHA aDhahabi, Muhammad Bin Uthman aThe Major Sins (al-Kabair) aDelhi bMillat Book Centre c2000 a277p aincludes index and biblioraphy aIslamic-Law1 aDhahabi, Muhammad Bin Uthman bSRS cBK 001040708StackRoom-aHMIbHMId2008-04-14g300.00l1o340.59 DHAp022357r2022-12-09s2022-12-02v300.00w2008-04-09yBK c16862d16862